000 00843cam a2200241 a 4500
001 57785
003 (BD-RjUL)
005 20211209080542.0
008 161211s2000 caua b 001 0 eng
020 _a0761918523 (alk. paper)
020 _a0761918531 (pbk. : alk. paper)
035 _a(BD-RjUL)57909
040 _aDLC
_c(BD-RjUL)
_dDLC
_beng
041 _aeng
082 0 0 _a302.23072
_221
_bBEM 2000
100 1 _aBerger, Arthur Asa,
_9118633
245 1 0 _aMedia and communication research methods :
_ban introduction to qualitative and quantitative approaches /
_cArthur Asa Berger.
260 _aThousand Oaks, Calif. :
_bSage Publications,
_cc2000.
300 _axix, 295 p. :
_bill. ;
_c24 cm.
504 _aIncludes bibliographical references and indexes.
650 0 _aMass media
_xResearch
_xMethodology.
_9118634
942 _2ddc
_cBK
999 _c57785
_d57785